000 01445namaa22003251i 4500
005 20260429130039.0
008 260419s1995 ua a|||frm||| 000 0 eng d
040 _aEG-GICUC
_beng
_cEG-GICUC
_dEG-GICUC
_erda
041 0 _aeng
_beng
_bara
049 _aDeposit
097 _aM.Sc
099 _aCai01.11.33.M.Sc.1995.Ma.D.
100 0 _aMagdy Mostafa Moharam Khorshid,
_epreparation.
245 1 0 _aDiagnostic Valua Of Csf Fibronectin in Patients with Meningitis /
_cBy Magdy Mostafa Moharam Khorshid ; Supervised Prof. Dr. Laila Ahmed Mohamed, Dr. Hosny Mohamed Salama, Dr. Marii Abdel Aziz Marii
246 1 5 _aالقيمة التشخيصية للفيبرونكتين في السائل الشوكي لحالات الالتهاب السحائي
264 0 _c1995.
300 _a126 Leaves :
_billustrations
_c30 cm. +
336 _2rda content
_atext
337 _2rdamedia
_aUnmediated
338 _2rdacarrier
_avolume
502 _aThesis (M.Sc.)-Cairo University, 1995
504 _aBibliography: pages 101-126
653 0 _aPatients with Meningitis
700 0 _aLaila Ahmed Mohamed
_ethesis advisor.
700 0 _aHosny Mohamed Salama
_ethesis advisor.
700 0 _aMarii Abdel Aziz Marii
_ethesis advisor.
900 _DDepartment of Tropical Medicine
_FFaculty of Medicine
_UCairo University
_b1995
_cLaila Ahmed Mohamed
_cHosny Mohamed Salama
_cMarii Abdel Aziz Marii
905 _aNehad
_eNourhan
942 _2ddc
_cTH
_e21
_n0
999 _c179569